Zeitschrift für Immunitätsforschung und experimentelle Therapie.
Uložené v:
| Nový názov: | Zeitschrift für Immunitäts- und Allergieforschung |
|---|---|
| Predchádzajúci názov: | Zeitschrift für Immunitätsforschung und experimentelle Therapie. 1. Teil, Originale Zeitschrift für Immunitätsforschung und experimentelle Therapie. 2. Teil, Referate |
| Médium: | Časopis |
| Jazyk: | German |
| Vydané: |
Jena :
Verlag vom Gustav Fischer,
1924-1962.
|
| Tagy: |
Pridať tag
Žiadne tagy, Buďte prvý kto otaguje tento záznam!
|
Titul je dostupný aj v ... 

MARC
| LEADER | 00000nas a2200000 a 4500 | ||
|---|---|---|---|
| 001 | 000312607 | ||
| 003 | SVKK | ||
| 005 | 20220601151927.0 | ||
| 008 | 040908d19241962gw r|p||| |0 a0ger | ||
| 022 | |a 0372-9052 | ||
| 040 | |a KE001 |b slo |e AACR2 | ||
| 041 | 0 | |a ger | |
| 044 | |a gw |c DE | ||
| 210 | 0 | |a Z. Immun.forsch. exp. Ther. | |
| 222 | 0 | |a Zeitschrift für Immunitätsforschung und experimentelle Therapie | |
| 245 | 0 | 0 | |a Zeitschrift für Immunitätsforschung und experimentelle Therapie. |
| 260 | |a Jena : |b Verlag vom Gustav Fischer, |c 1924-1962. | ||
| 310 | |a nepravidelne | ||
| 362 | 0 | |a 39 (1924), Nr. 4 - 105 (1944/45) ; 106 (März 1949), Nr. 1 - 124 (1962) |z ZDB/2014; ISSN/2014 | |
| 780 | 0 | 4 | |t Zeitschrift für Immunitätsforschung und experimentelle Therapie. 1. Teil, Originale |x 0372-9044 |
| 780 | 0 | 4 | |t Zeitschrift für Immunitätsforschung und experimentelle Therapie. 2. Teil, Referate |
| 785 | 0 | 0 | |t Zeitschrift für Immunitäts- und Allergieforschung |x 0372-9001 |
| 910 | |a KE001 |b B.1168 | ||
| 998 | |a SE | ||
| 090 | |g CASOS |k Sklad Pribinova 1. posch. |a B.1168 |j 7112 |i 2720897840 |4 Silne poškodené |s Vyradená | ||
| 090 | |g CASOS |k Sklad Pribinova 1. posch. |a B.1168 |j 7113 |i 2720897841 |4 Zastarané |s Vyradená | ||
| 090 | |g CASOS |k Sklad Pribinova 1. posch. |a B.1168 |j 714 |i 2720897842 |4 Zastarané |s Vyradená | ||